Association of Management Consulting Firms (Record no. 120360)

MARC details
000 -LEADER
fixed length control field 01011cam a2200217 4500
001 - CONTROL NUMBER
control field WS124035
008 - FIXED-LENGTH DATA ELEMENTS--GENERAL INFORMATION
fixed length control field 031027n 000 0 eng u
035 ## - SYSTEM CONTROL NUMBER
System control number (Sirsi) u124040
110 ## - MAIN ENTRY--CORPORATE NAME
Corporate name or jurisdiction name as entry element Association of Management Consulting Firms
9 (RLIN) 4547
245 ## - TITLE STATEMENT
Title Association of Management Consulting Firms
520 ## - SUMMARY, ETC.
Summary, etc. Web site for this international association of firms engaged in the practice of management consultancy in particular it looks at issues pertaining to the separation of accounting and consulting within the bog five accountancy firms, Includes their code of ethics, benchmarking data and details of lobbying issues.
650 ## - SUBJECT ADDED ENTRY--TOPICAL TERM
Topical term or geographic name entry element Management consultancy
9 (RLIN) 6255
650 ## - SUBJECT ADDED ENTRY--TOPICAL TERM
Topical term or geographic name entry element ORGANISATION
650 ## - SUBJECT ADDED ENTRY--TOPICAL TERM
Topical term or geographic name entry element INTERNATIONAL
650 ## - SUBJECT ADDED ENTRY--TOPICAL TERM
Topical term or geographic name entry element CODE OF ETHICS
650 ## - SUBJECT ADDED ENTRY--TOPICAL TERM
Topical term or geographic name entry element MANAGEMENT-BUSINESS MANAGEMENT-FINANCIAL MANAGEMENT-ACCOUNTING
650 ## - SUBJECT ADDED ENTRY--TOPICAL TERM
Topical term or geographic name entry element BENCHMARKING
690 ## - LOCAL SUBJECT ADDED ENTRY--TOPICAL TERM (OCLC, RLIN)
Topical term or geographic name as entry element MANAGEMENT-BUSINESS MANAGEMENT
856 40 - ELECTRONIC LOCATION AND ACCESS
Uniform Resource Identifier <a href="https://www.amcf.org">https://www.amcf.org</a>
Public note View the website free of charge at www.amcf.org...
942 ## - ADDED ENTRY ELEMENTS (KOHA)
Suppress in OPAC 0
Holdings
Withdrawn status Lost status Source of classification or shelving scheme Damaged status Not for loan Home library Current library Shelving location Date acquired Total Checkouts Full call number Barcode Date last seen Copy number Price effective from Koha item type
    Dewey Decimal Classification     Virtual Virtual Online 27/10/2003   WEB SITE 124040-1001 06/08/2019 1 06/08/2019 Online material